[Event "Pokerstars International Open 2015"]
[Site "Douglas ENG"]
[Date "2015.10.04"]
[Round "2"]
[White "Gormally, Daniel W"]
[Black "Howell, David W L"]
[Result "1/2-1/2"]
[WhiteElo "2500"]
[BlackElo "2705"]
[PlyCount "80"]
[EventDate "2015.09.02"]

1. d4 d5 2. Nf3 c6 3. c4 e6 4. cxd5 exd5 5. Nc3 Bf5 6. Bg5 Be7 7. Bxe7 Qxe7 8.
e3 Nd7 9. Bd3 Bxd3 10. Qxd3 Ngf6 11. O-O O-O 12. Nd2 Rfe8 13. Rfe1 Nb6 14. Re2
Rad8 15. Rae1 Ne4 16. f3 Nxd2 17. Rxd2 a5 18. Rde2 Qb4 19. a3 Qb3 20. Qc2 Qxc2
21. Rxc2 a4 22. Kf2 Ra8 23. e4 dxe4 24. fxe4 f6 25. d5 Rac8 26. Rd1 Re5 27.
dxc6 Rxc6 28. Rcd2 Kf7 29. Rd6 Re6 30. R6d4 Nc4 31. Nxa4 b5 32. Nc3 Nxb2 33.
Rb1 Rxc3 34. Rxb2 Ra6 35. Rdb4 Rcxa3 36. Rxb5 Kg6 37. e5 Re6 38. exf6 Rxf6+ 39.
Ke2 Raa6 40. R5b3 h5 1/2-1/2

[Event "Pokerstars International Open 2015"]
[Site "Douglas ENG"]
[Date "2015.10.04"]
[Round "2"]
[White "Fressinet, Laurent"]
[Black "Hebden, Mark L"]
[Result "1-0"]
[WhiteElo "2702"]
[BlackElo "2490"]
[PlyCount "85"]
[EventDate "2015.09.02"]

1. d4 Nf6 2. Nf3 g6 3. c4 Bg7 4. g3 O-O 5. Bg2 d6 6. O-O Nc6 7. Nc3 Rb8 8. b3
a6 9. d5 Na5 10. Bd2 c5 11. dxc6 bxc6 12. c5 d5 13. Bf4 Rb4 14. Be5 Bh6 15. Qe1
Ng4 16. Nd1 Rb5 17. Bb2 Rb8 18. Bc3 Nb7 19. b4 Bd7 20. Nb2 Nf6 21. Be5 Ra8 22.
Na4 Ne4 23. Nb6 Ra7 24. e3 Re8 25. Bb2 f6 26. Qd1 Bg4 27. h3 Bxf3 28. Bxf3 f5
29. Be5 Bg7 30. Bxg7 Kxg7 31. Bxe4 fxe4 32. Qa4 a5 33. a3 Qc7 34. Nxd5 Qc8 35.
Nb6 Qe6 36. b5 Rd8 37. Rac1 cxb5 38. Qxb5 Qxh3 39. c6 Nd6 40. Qe5+ Kh6 41. Rc5
Rf8 42. Qg5+ Kg7 43. c7 1-0

[Event "Poikovsky Karpov Tournament 2015"]
[Site "Poikovsky RUS"]
[Date "2015.10.05"]
[Round "7"]
[White "Smirin, Ilia"]
[Black "Inarkiev, Ernesto"]
[Result "1/2-1/2"]
[WhiteElo "2655"]
[BlackElo "2660"]
[PlyCount "92"]
[EventDate "2015.09.28"]

1. e4 e5 2. Nf3 Nc6 3. Bb5 a6 4. Ba4 Nf6 5. O-O Be7 6. Re1 b5 7. Bb3 O-O 8. c3
d6 9. h3 Nb8 10. d4 Nbd7 11. c4 c6 12. Nbd2 Bb7 13. Bc2 Re8 14. b3 exd4 15.
Nxd4 Bf8 16. Bb2 g6 17. b4 Rc8 18. N4f3 c5 19. cxb5 axb5 20. a3 Bg7 21. Rc1 Qb6
22. Rb1 Qa6 23. a4 Bc6 24. axb5 Bxb5 25. bxc5 Nxc5 26. Re3 Rb8 27. Ra3 Qc8 28.
Bd4 Bc6 29. Rc3 Bxe4 30. Rxb8 Qxb8 31. Bxc5 dxc5 32. Bxe4 Nxe4 33. Nxe4 Rxe4
34. Rxc5 Rb4 35. Rc1 Bh6 36. Ra1 Bf4 37. Qd3 h5 38. Rd1 Qc7 39. Re1 Kg7 40. h4
Qc5 41. Kf1 Bc7 42. g3 Qc6 43. Kg2 Rc4 44. Re7 Bd6 45. Re3 Bc7 46. Re7 Bd6
1/2-1/2

[Event "Poikovsky Karpov Tournament 2015"]
[Site "Poikovsky RUS"]
[Date "2015.10.05"]
[Round "7"]
[White "Bologan, Viktor"]
[Black "Shirov, Alexei"]
[Result "1/2-1/2"]
[WhiteElo "2607"]
[BlackElo "2712"]
[PlyCount "72"]
[EventDate "2015.09.28"]

1. e4 c5 2. Nf3 Nc6 3. Bb5 e6 4. Bxc6 bxc6 5. b3 f6 6. O-O e5 7. c3 d5 8. Qe2
dxe4 9. Qxe4 Ne7 10. d4 Bf5 11. Qe2 cxd4 12. cxd4 exd4 13. Rd1 d3 14. Qe3 Qd7
15. Nc3 O-O-O 16. Bb2 Ng6 17. Rac1 Bb4 18. Nb5 c5 19. Rxc5+ Bxc5 20. Qxc5+ Kb8
21. Nfd4 Be4 22. f3 Ba8 23. Ba3 Nf4 24. Qb4 a6 25. Nd6+ Bb7 26. Nc6+ Qxc6 27.
Qxf4 Ka8 28. Rxd3 Rhe8 29. Qd2 Re6 30. h3 Rd7 31. Nc4 Rxd3 32. Qxd3 Qd5 33.
Qxh7 Qd4+ 34. Kh2 Qf4+ 35. Kg1 Qd4+ 36. Kh2 Qf4+ 1/2-1/2

[Event "Poikovsky Karpov Tournament 2015"]
[Site "Poikovsky RUS"]
[Date "2015.10.05"]
[Round "7"]
[White "Korobov, Anton"]
[Black "Sutovsky, Emil"]
[Result "1-0"]
[WhiteElo "2700"]
[BlackElo "2635"]
[PlyCount "75"]
[EventDate "2015.09.28"]

1. d4 Nf6 2. c4 g6 3. f3 Nc6 4. d5 Ne5 5. e4 d6 6. Nc3 Bg7 7. f4 Ned7 8. Nh3
Nc5 9. Nf2 O-O 10. Be2 e5 11. dxe6 fxe6 12. Be3 b6 13. Qc2 e5 14. f5 Bb7 15. h4
gxf5 16. exf5 e4 17. O-O-O Nfd7 18. g4 Nd3+ 19. Nxd3 exd3 20. Bxd3 Bxh1 21.
Rxh1 Qe8 22. Bd2 Bxc3 23. Bxc3 Qe3+ 24. Bd2 Qg3 25. Be4 Qxg4 26. Be3 Kh8 27.
Rg1 Qxh4 28. Bxa8 Rxa8 29. Qc3+ Qf6 30. Qxf6+ Nxf6 31. Bd4 Rf8 32. Kc2 Rf7 33.
b4 Rf8 34. Bc3 Rf7 35. a4 Rf8 36. a5 c5 37. bxc5 bxc5 38. a6 1-0

[Event "Poikovsky Karpov Tournament 2015"]
[Site "Poikovsky RUS"]
[Date "2015.10.05"]
[Round "7"]
[White "Lysyj, Igor"]
[Black "Khismatullin, Denis"]
[Result "1/2-1/2"]
[WhiteElo "2671"]
[BlackElo "2651"]
[PlyCount "97"]
[EventDate "2015.09.28"]

1. d4 Nf6 2. c4 e6 3. Nc3 d5 4. cxd5 exd5 5. Bg5 c6 6. Qc2 h6 7. Bh4 g6 8. e3
Bf5 9. Bd3 Bxd3 10. Qxd3 Nbd7 11. Nge2 Bg7 12. O-O O-O 13. b4 a6 14. a4 b5 15.
a5 Qe7 16. Rab1 Rae8 17. Rfc1 g5 18. Bg3 Qe6 19. Qc2 Nh5 20. Nd1 f5 21. Bc7 Rf6
22. f4 gxf4 23. Nxf4 Qf7 24. Rb3 Nxf4 25. Bxf4 Nf8 26. Nf2 Ng6 27. Nd3 Rfe6 28.
Qf2 Qe7 29. Rbc3 Nxf4 30. Nxf4 Rxe3 31. Rxe3 Qxe3 32. Qxe3 Rxe3 33. Rxc6 Re1+
34. Kf2 Re4 35. Kf3 Rxd4 36. Rxa6 Be5 37. Ng6 Bxh2 38. g3 Rxb4 39. Ne7+ Kf7 40.
Nxf5 h5 41. Rb6 Rb3+ 42. Kg2 Rb2+ 43. Kh1 h4 44. Rxb5 Rxb5 45. Nd6+ Ke6 46.
Nxb5 Bxg3 47. a6 Bb8 48. a7 Bxa7 49. Nc7+ 1/2-1/2

[Event "Poikovsky Karpov Tournament 2015"]
[Site "Poikovsky RUS"]
[Date "2015.10.05"]
[Round "7"]
[White "Morozevich, Alexander"]
[Black "Laznicka, Viktor"]
[Result "1-0"]
[WhiteElo "2711"]
[BlackElo "2676"]
[PlyCount "59"]
[EventDate "2015.09.28"]

1. e4 c6 2. d4 d5 3. e5 Bf5 4. h4 h5 5. Bd3 Bxd3 6. Qxd3 e6 7. Bg5 Qb6 8. Nd2
c5 9. c4 Qxb2 10. Rd1 Nc6 11. Ngf3 Nb4 12. Qe2 cxd4 13. O-O d3 14. Qe3 Ne7 15.
Rb1 Qa3 16. Nd4 a6 17. Rb3 Qa5 18. Rfb1 Nc2 19. Qxd3 Nxd4 20. Qxd4 b5 21. Qc5
Rc8 22. Qa7 Nc6 23. Qb7 Rc7 24. Qa8+ Kd7 25. cxd5 exd5 26. Rf3 Nxe5 27. Qd8+
Kc6 28. Qe8+ Kd6 29. Ne4+ dxe4 30. Rd1+ 1-0

[Event "Pokerstars International Open 2015"]
[Site "Douglas ENG"]
[Date "2015.10.05"]
[Round "3"]
[White "Grandelius, Nils"]
[Black "Harikrishna, Pentala"]
[Result "1/2-1/2"]
[WhiteElo "2647"]
[BlackElo "2737"]
[PlyCount "79"]
[EventDate "2015.10.03"]

1. e4 c5 2. Nf3 e6 3. d4 cxd4 4. Nxd4 Nc6 5. Nc3 Qc7 6. Be3 a6 7. Qf3 d6 8. Bd3
Nf6 9. O-O Ne5 10. Qg3 Nfg4 11. Bd2 h5 12. f3 h4 13. Qe1 Nf6 14. a4 h3 15. g4
Be7 16. a5 d5 17. g5 Bc5 18. Be3 dxe4 19. gxf6 exd3 20. Ne4 gxf6 21. Nxf6+ Kf8
22. Kh1 Be7 23. Bg5 Ng6 24. Qe3 Bxf6 25. Bxf6 Rh5 26. Qxd3 e5 27. Ne2 Rf5 28.
Bd8 Qd7 29. Qa3+ Kg8 30. Rad1 Qc6 31. Qd3 Be6 32. b3 Kh7 33. Bb6 Rg8 34. Ng3
Rf4 35. c4 Kh8 36. Qe3 Kh7 37. Nh5 Rf5 38. Ng3 Rf4 39. Nh5 Rf5 40. Ng3 1/2-1/2

[Event "Pokerstars International Open 2015"]
[Site "Douglas ENG"]
[Date "2015.10.05"]
[Round "3"]
[White "Timman, Jan H"]
[Black "Fressinet, Laurent"]
[Result "0-1"]
[WhiteElo "2562"]
[BlackElo "2702"]
[PlyCount "60"]
[EventDate "2015.10.03"]

1. e4 c5 2. Nf3 Nc6 3. Bb5 g6 4. O-O Bg7 5. Re1 Nf6 6. e5 Nd5 7. Nc3 Nc7 8.
Bxc6 dxc6 9. Ne4 Ne6 10. d3 b6 11. Nfg5 h6 12. Nxe6 Bxe6 13. Bf4 Qd4 14. Qf3
Qxb2 15. Nd6+ Kd7 16. Nc4 Qd4 17. c3 Qxc3 18. Rac1 Qd4 19. Re4 Qd5 20. Ne3 Qxa2
21. d4 Rhd8 22. dxc5 bxc5 23. h4 Ke8 24. Rxc5 a5 25. Kh2 a4 26. Rb4 Kf8 27. Rc2
Qa3 28. Qe4 Qd3 29. Qxc6 a3 30. Rc3 Qa6 0-1

[Event "Pokerstars International Open 2015"]
[Site "Douglas ENG"]
[Date "2015.10.05"]
[Round "3"]
[White "Howell, David W L"]
[Black "Arkell, Keith C"]
[Result "1-0"]
[WhiteElo "2705"]
[BlackElo "2505"]
[PlyCount "55"]
[EventDate "2015.10.03"]

1. e4 e6 2. d4 d5 3. Nc3 dxe4 4. Nxe4 Bd7 5. Nf3 Bc6 6. Bd3 Nd7 7. O-O Ngf6 8.
Neg5 Bd6 9. Re1 Bxf3 10. Qxf3 h6 11. Nxe6 fxe6 12. Rxe6+ Kf7 13. Bc4 Kf8 14.
Qf5 Nb6 15. Bb3 Be7 16. Bd2 c5 17. dxc5 Qxd2 18. cxb6 Qg5 19. Qf3 axb6 20. Rxe7
Kxe7 21. Qxb7+ Kd6 22. Qxb6+ Ke5 23. Qe6+ Kf4 24. g3+ Kf3 25. Bc4 Ne4 26. Be2+
Kxe2 27. Qxe4+ Kd2 28. Qd3# 1-0

[Event "Poikovsky Karpov Tournament 2015"]
[Site "Poikovsky RUS"]
[Date "2015.10.06"]
[Round "8"]
[White "Shirov, Alexei"]
[Black "Korobov, Anton"]
[Result "0-1"]
[WhiteElo "2712"]
[BlackElo "2700"]
[PlyCount "88"]
[EventDate "2015.09.28"]

1. e4 c5 2. Nf3 d6 3. d4 cxd4 4. Nxd4 Nf6 5. Nc3 a6 6. h3 e6 7. g4 h6 8. Bg2
Be7 9. f4 Nc6 10. Be3 Nd7 11. O-O O-O 12. Nce2 Nxd4 13. Nxd4 e5 14. Nf5 exf4
15. Bxf4 Ne5 16. Qd5 Bxf5 17. exf5 b5 18. Qxa8 Qb6+ 19. Kh1 Rxa8 20. Bxa8 Bg5
21. Bxg5 hxg5 22. b3 Qc5 23. Rad1 Qxc2 24. Rxd6 Qxa2 25. Bg2 Qxb3 26. Rxa6 Nd3
27. h4 gxh4 28. g5 Kh7 29. Ra7 Ne5 30. g6+ Kh6 31. gxf7 Nxf7 32. Re1 Ng5 33.
Ra8 Nf3 34. Rf1 Ne5 35. f6 gxf6 36. Rxf6+ Kg5 37. Rf1 h3 38. Be4 Qc4 39. Rg1+
Kf4 40. Re1 Ng4 41. Rf8+ Kg5 42. Bf3 Qa2 43. Be2 b4 44. Rd8 Qe6 0-1

[Event "Poikovsky Karpov Tournament 2015"]
[Site "Poikovsky RUS"]
[Date "2015.10.06"]
[Round "8"]
[White "Khismatullin, Denis"]
[Black "Inarkiev, Ernesto"]
[Result "1-0"]
[WhiteElo "2651"]
[BlackElo "2660"]
[PlyCount "139"]
[EventDate "2015.09.28"]

1. e4 e6 2. d4 d5 3. Nc3 Nf6 4. e5 Nfd7 5. f4 c5 6. Nf3 Nc6 7. Be3 b6 8. Bb5
Bb7 9. f5 exf5 10. Nxd5 cxd4 11. Bg5 Qc8 12. Qe2 Bc5 13. b4 Nd8 14. c4 Bxd5 15.
cxd5 Bxb4+ 16. Kf1 O-O 17. e6 fxe6 18. dxe6 Nf6 19. e7 Bxe7 20. Qxe7 Nd5 21.
Qd7 Qc5 22. Rc1 Nc3 23. Nxd4 Rf7 24. Qe8+ Rf8 25. Qe1 Rc8 26. Bd2 Qxd4 27. Rxc3
Nf7 28. h4 Qd5 29. Qe2 Qxa2 30. Bc4 Qa1+ 31. Rc1 Qf6 32. Rh3 Kh8 33. Bc3 Qh6
34. Bd2 Qf6 35. Re1 Nd6 36. Bc3 Qg6 37. h5 Qh6 38. Bd2 f4 39. Bb3 Nf5 40. Qf2
Ne3+ 41. Kg1 Ng4 42. Qh4 Qd6 43. Qxg4 Qxd2 44. Re7 Qd4+ 45. Kh2 Qf6 46. Rxa7
Rc5 47. h6 Rg5 48. hxg7+ Rxg7 49. Rxg7 Qxg7 50. Qxg7+ Kxg7 51. Rd3 Kf6 52. Rd5
Ke7 53. Bd1 Rf6 54. Bf3 Rh6+ 55. Kg1 Rd6 56. Rb5 Kf7 57. Be4 h6 58. Kf2 Ke7 59.
Kf3 Rf6 60. Bf5 Rd6 61. Kxf4 Kf6 62. Be4 Ke7 63. Rb1 Rf6+ 64. Bf5 Rc6 65. Rd1
Rd6 66. Rxd6 Kxd6 67. Kg4 Ke5 68. Bd7 Kf6 69. Kh5 Kg7 70. Bb5 1-0

[Event "Poikovsky Karpov Tournament 2015"]
[Site "Poikovsky RUS"]
[Date "2015.10.06"]
[Round "8"]
[White "Laznicka, Viktor"]
[Black "Bologan, Viktor"]
[Result "0-1"]
[WhiteElo "2676"]
[BlackElo "2607"]
[PlyCount "124"]
[EventDate "2015.09.28"]

1. d4 d5 2. c4 c6 3. Nf3 Nf6 4. e3 Bf5 5. Nc3 a6 6. Bd3 Bxd3 7. Qxd3 e6 8. O-O
Bb4 9. Bd2 O-O 10. a3 Bxc3 11. Bxc3 Ne4 12. Bb4 Re8 13. a4 a5 14. Ba3 Nd7 15.
Rac1 Qb6 16. Rc2 Qa6 17. Rfc1 Rad8 18. Ne1 Qb6 19. b3 h6 20. Rb2 Nef6 21. Qb1
e5 22. Nf3 c5 23. cxd5 exd4 24. exd4 cxd4 25. d6 Ne4 26. h3 Nxd6 27. Rd1 Ne4
28. Rxd4 Nc3 29. Qd3 Ne5 30. Rxd8 Nxd3 31. Rxe8+ Kh7 32. Rd2 Qxb3 33. Rxd3 Ne2+
34. Rxe2 Qxd3 35. Re3 Qd1+ 36. Kh2 Qxa4 37. Bb2 b5 38. Bd4 b4 39. Re7 Qb3 40.
Ne5 f6 41. Nd7 Kg8 42. Nc5 Qd5 43. Rd7 Qc4 44. Be3 b3 45. Rb7 a4 46. g4 Qd5 47.
Rb8+ Kh7 48. Kg1 Qe5 49. Rb4 Qc3 50. Rb7 b2 51. Nxa4 Qc1+ 52. Kh2 b1=Q 53. Rxb1
Qxb1 54. Nc5 g6 55. Ne6 Qe4 56. Nd4 h5 57. Kg3 Kg7 58. Nf3 g5 59. Nd4 Qh1 60.
gxh5 Qg1+ 61. Kf3 Kh6 62. h4 Kxh5 0-1

[Event "Poikovsky Karpov Tournament 2015"]
[Site "Poikovsky RUS"]
[Date "2015.10.06"]
[Round "8"]
[White "Lysyj, Igor"]
[Black "Morozevich, Alexander"]
[Result "0-1"]
[WhiteElo "2671"]
[BlackElo "2711"]
[PlyCount "62"]
[EventDate "2015.09.28"]

1. d4 Nf6 2. c4 e6 3. Nc3 Bb4 4. Qc2 b6 5. e4 c5 6. a3 Bxc3+ 7. bxc3 Bb7 8. Bd3
b5 9. Qb1 cxd4 10. cxd4 bxc4 11. Qxb7 cxd3 12. Qxa8 Qb6 13. Nf3 O-O 14. Be3 Na6
15. Qxf8+ Kxf8 16. O-O Nxe4 17. Ne5 Qd6 18. Nxd3 Nc3 19. Kh1 f6 20. Rfc1 Nd5
21. a4 g5 22. a5 h5 23. Rc4 g4 24. Bh6+ Kf7 25. Rc8 Nab4 26. Nc5 h4 27. Re1 Nc6
28. Rh8 Nxd4 29. Nxd7 h3 30. Nf8 hxg2+ 31. Kxg2 Qc6 0-1

[Event "Poikovsky Karpov Tournament 2015"]
[Site "Poikovsky RUS"]
[Date "2015.10.06"]
[Round "8"]
[White "Sutovsky, Emil"]
[Black "Smirin, Ilia"]
[Result "1/2-1/2"]
[WhiteElo "2635"]
[BlackElo "2655"]
[PlyCount "104"]
[EventDate "2015.09.28"]

1. e4 e5 2. Nf3 Nc6 3. Bb5 a6 4. Ba4 Nf6 5. O-O Be7 6. Re1 b5 7. Bb3 d6 8. c3
O-O 9. h3 Na5 10. Bc2 c5 11. d4 Qc7 12. Nbd2 cxd4 13. cxd4 Rd8 14. b3 Bb7 15.
Bb2 Nc6 16. Rc1 Qb6 17. Nf1 Bf8 18. Ne3 Ne7 19. Qe2 Bxe4 20. dxe5 dxe5 21. Bxe4
Nxe4 22. Nf5 Nxf5 23. Qxe4 Nd6 24. Qxe5 Rac8 25. Qf4 Rxc1 26. Rxc1 Re8 27. Ne5
Qb7 28. Qg4 Re6 29. Re1 Qc8 30. Qd4 f6 31. Qd5 fxe5 32. Rxe5 Kf7 33. f4 g6 34.
Ba3 Be7 35. g4 Nc4 36. Rxe6 Qxe6 37. Qxe6+ Kxe6 38. Bxe7 Kxe7 39. bxc4 bxc4 40.
Kf2 Ke6 41. Ke3 Kd5 42. a4 h5 43. a5 h4 44. f5 gxf5 45. gxf5 Ke5 46. f6 Kxf6
47. Kd4 Kf5 48. Kxc4 Kf4 49. Kc5 Kg3 50. Kb6 Kxh3 51. Kxa6 Kg4 52. Kb7 h3
1/2-1/2

[Event "Pokerstars International Open 2015"]
[Site "Douglas ENG"]
[Date "2015.10.06"]
[Round "4"]
[White "Fressinet, Laurent"]
[Black "Movsesian, Sergei"]
[Result "1/2-1/2"]
[WhiteElo "2702"]
[BlackElo "2658"]
[PlyCount "131"]
[EventDate "2015.09.02"]

1. d4 Nf6 2. Nf3 d5 3. c4 e6 4. Nc3 Bb4 5. cxd5 exd5 6. Bg5 h6 7. Bh4 c5 8.
dxc5 Nbd7 9. e3 O-O 10. Be2 Bxc3+ 11. bxc3 Nxc5 12. Qd4 Nce4 13. O-O Be6 14.
Rac1 Qa5 15. Bd3 Rac8 16. Qb4 Qb6 17. Bxf6 Nxf6 18. Qxb6 axb6 19. Nd4 Rc5 20.
Rc2 Rfc8 21. Rfc1 Bd7 22. Nb3 R5c7 23. c4 dxc4 24. Bxc4 Kf8 25. Nd4 Ke7 26. f3
Rc5 27. Kf2 Ne8 28. Bb3 Nd6 29. e4 Nb5 30. Nxb5 Bxb5 31. Ke3 f6 32. Kd4 Kd6 33.
f4 Rxc2 34. Rxc2 Rc5 35. Rb2 Bc6 36. Re2 Rb5 37. e5+ fxe5+ 38. fxe5+ Ke7 39.
Rf2 Be8 40. Bc4 Rb4 41. Kc3 Ra4 42. Rf3 Ra5 43. Rg3 g5 44. Re3 Bc6 45. Re2 Bd7
46. e6 Be8 47. Rb2 b5 48. Bb3 Ra8 49. Kd4 Rc8 50. Rf2 Rc1 51. g3 b6 52. h4 Rc5
53. Rh2 Kd6 54. hxg5 Rxg5 55. Rxh6 Rxg3 56. Rh8 Rg4+ 57. Ke3 Bc6 58. Rd8+ Kc7
59. Rh8 Kd6 60. Rc8 Re4+ 61. Kf2 Re5 62. Rd8+ Ke7 63. Rd3 Re4 64. Kg3 Rb4 65.
Rd2 Re4 66. Rd3 1/2-1/2

[Event "Pokerstars International Open 2015"]
[Site "Douglas ENG"]
[Date "2015.10.06"]
[Round "4"]
[White "Melkumyan, Hrant"]
[Black "Adams, Michael"]
[Result "1-0"]
[WhiteElo "2622"]
[BlackElo "2742"]
[PlyCount "99"]
[EventDate "2015.09.02"]

1. d4 d5 2. c4 c6 3. Nf3 Nf6 4. Nc3 dxc4 5. a4 e6 6. e3 c5 7. Bxc4 Nc6 8. O-O
cxd4 9. Nxd4 Bd7 10. Qe2 Bd6 11. Ncb5 Bc5 12. Rd1 O-O 13. Nxc6 bxc6 14. Nd4 Qe7
15. e4 e5 16. Nf5 Bxf5 17. exf5 Rfd8 18. Be3 Bxe3 19. Qxe3 h6 20. h3 Nd5 21.
Qe4 Rab8 22. b3 Rb4 23. Rac1 Re8 24. Rd3 Nf6 25. Qe3 e4 26. Rd2 Nd5 27. Bxd5
cxd5 28. Rxd5 Qb7 29. Rd3 a6 30. Rdc3 Kh7 31. Rd1 Rc8 32. Rxc8 Qxc8 33. Rd4
Rxd4 34. Qxd4 Qc1+ 35. Kh2 Qf4+ 36. g3 Qxf5 37. b4 g5 38. a5 h5 39. Qc5 Qf6 40.
Qb6 Qb2 41. Kg2 Kg7 42. Qe3 Qe5 43. h4 gxh4 44. gxh4 Qe6 45. Qg5+ Kf8 46. Qxh5
Kg8 47. Qg5+ Kh7 48. Qf4 Kg6 49. Kg3 Qc4 50. f3 1-0

[Event "Pokerstars International Open 2015"]
[Site "Douglas ENG"]
[Date "2015.10.06"]
[Round "4"]
[White "Harikrishna, P."]
[Black "L'ami, Erwin"]
[Result "1-0"]
[WhiteElo "2737"]
[BlackElo "2619"]
[PlyCount "63"]
[EventDate "2015.09.02"]

1. e4 e5 2. Nf3 Nc6 3. Bb5 a6 4. Ba4 Nf6 5. O-O Be7 6. Re1 b5 7. Bb3 O-O 8. h3
Bb7 9. d3 d5 10. exd5 Nxd5 11. Nc3 Nxc3 12. bxc3 Bf6 13. Ba3 Re8 14. Nd2 Na5
15. Ne4 Be7 16. Bb4 Nxb3 17. axb3 f5 18. Bxe7 Qxe7 19. Ng3 Qg5 20. c4 g6 21.
cxb5 axb5 22. Rxa8 Bxa8 23. Qa1 e4 24. Qa5 Rf8 25. Qxb5 exd3 26. Qc4+ Kh8 27.
Qxd3 Qf6 28. Qc4 f4 29. Ne4 Qe5 30. f3 g5 31. Re2 h6 32. Nf2 1-0

[Event "Pokerstars International Open 2015"]
[Site "Douglas ENG"]
[Date "2015.10.06"]
[Round "4"]
[White "Sengupta, Deep"]
[Black "Howell, David W L"]
[Result "1/2-1/2"]
[WhiteElo "2580"]
[BlackElo "2705"]
[PlyCount "133"]
[EventDate "2015.09.02"]

1. e4 e5 2. Nf3 Nc6 3. Bb5 a6 4. Ba4 Nf6 5. O-O Be7 6. d3 b5 7. Bb3 d6 8. a3
O-O 9. Nc3 Be6 10. Nd5 Na5 11. Nxf6+ Bxf6 12. Bxe6 fxe6 13. b4 Nc6 14. c3 a5
15. Be3 Qd7 16. a4 Rfb8 17. axb5 Rxb5 18. bxa5 Rbxa5 19. Rxa5 Nxa5 20. Qc2 Nc6
21. Rb1 Qc8 22. g3 Qa6 23. Kg2 Kf7 24. h4 h6 25. g4 Ke8 26. g5 hxg5 27. hxg5
Be7 28. Rh1 Kd7 29. Rh7 Qc8 30. d4 Qg8 31. Rh3 exd4 32. cxd4 Qf7 33. Qc4 Ra5
34. Bd2 Ra3 35. d5 Nd8 36. Qb5+ Kc8 37. Bc1 Ra8 38. Rh8 exd5 39. exd5 Qf5 40.
Kg3 Ra1 41. Qe8 Qd7 42. Bb2 Rd1 43. Bxg7 Qxe8 44. Rxe8 Kd7 45. Rg8 Rxd5 46. g6
Ne6 47. Bb2 Rb5 48. g7 Rxb2 49. Rd8+ Bxd8 50. g8=Q Rb3 51. Qf7+ Be7 52. Kg2 Rb4
53. Qf5 c6 54. Nd2 Rf4 55. Qa5 Bd8 56. Qa6 Rg4+ 57. Kf1 Rb4 58. Qa3 Rd4 59. Nf3
Rd1+ 60. Ke2 Rd5 61. Qa7+ Bc7 62. Qa4 Rf5 63. Qh4 Rf7 64. Qh3 Ke7 65. Qh4+ Kd7
66. Qh3 Ke7 67. Qh4+ 1/2-1/2

[Event "Poikovsky Karpov Tournament 2015"]
[Site "Poikovsky RUS"]
[Date "2015.10.07"]
[Round "9"]
[White "Bologan, V."]
[Black "Lysyj, I."]
[Result "1/2-1/2"]
[WhiteElo "2607"]
[BlackElo "2671"]
[PlyCount "80"]
[EventDate "2015.09.27"]

1. d4 Nf6 2. c4 e6 3. Nc3 Bb4 4. Nf3 c5 5. g3 cxd4 6. Nxd4 O-O 7. Bg2 d5 8.
cxd5 Nxd5 9. Qb3 Qa5 10. Bd2 Nc6 11. Nxc6 bxc6 12. O-O Bxc3 13. bxc3 Ba6 14.
Rfd1 Qc5 15. e4 Bc4 16. Qa4 Nb6 17. Qb4 Qh5 18. Be3 Be2 19. Rd2 Rab8 20. Bxb6
axb6 21. a4 c5 22. Qb3 Bf3 23. Bxf3 Qxf3 24. Re1 h5 25. Re3 Qf6 26. e5 Qe7 27.
Rd6 h4 28. Kg2 Qb7+ 29. f3 Rfd8 30. Qb5 Rxd6 31. exd6 Qd5 32. Rd3 Qa2+ 33. Kh3
hxg3 34. hxg3 e5 35. d7 Qe6+ 36. g4 Rd8 37. a5 e4 38. fxe4 Qxe4 39. axb6 c4 40.
Rd4 Qe3+ 1/2-1/2

[Event "Poikovsky Karpov Tournament 2015"]
[Site "Poikovsky RUS"]
[Date "2015.10.07"]
[Round "9"]
[White "Korobov, A."]
[Black "Laznicka, V."]
[Result "1/2-1/2"]
[WhiteElo "2700"]
[BlackElo "2676"]
[PlyCount "39"]
[EventDate "2015.09.27"]

1. d4 Nf6 2. c4 e6 3. Nc3 Bb4 4. Nf3 b6 5. e3 Bb7 6. Bd3 O-O 7. O-O d5 8. cxd5
exd5 9. a3 Bd6 10. b4 a6 11. Qb3 Nbd7 12. a4 Qe7 13. Ba3 Rfb8 14. Rfb1 c5 15.
bxc5 bxc5 16. dxc5 Nxc5 17. Bxc5 Bxc5 18. Ne2 a5 19. Ned4 g6 20. Rc1 1/2-1/2

[Event "Poikovsky Karpov Tournament 2015"]
[Site "Poikovsky RUS"]
[Date "2015.10.07"]
[Round "9"]
[White "Inarkiev, E."]
[Black "Sutovsky, E."]
[Result "1/2-1/2"]
[WhiteElo "2660"]
[BlackElo "2635"]
[PlyCount "105"]
[EventDate "2015.09.27"]

1. e4 c5 2. Nf3 Nc6 3. Nc3 g6 4. d4 cxd4 5. Nxd4 Bg7 6. Be3 Nf6 7. Bc4 O-O 8.
Bb3 d6 9. f3 Nxd4 10. Bxd4 Be6 11. Qd2 Qa5 12. O-O-O b5 13. Kb1 b4 14. Nd5 Bxd5
15. exd5 Qb5 16. Rhe1 a5 17. Qe2 Qxe2 18. Rxe2 a4 19. Bc4 Rfc8 20. b3 Rc7 21.
Bb5 axb3 22. cxb3 Ra5 23. Bc4 Rb7 24. g3 Ne8 25. Bf2 Bf6 26. Be1 Ra8 27. f4 Nc7
28. g4 h6 29. h4 g5 30. hxg5 hxg5 31. Bd2 Nb5 32. Bxb5 Rxb5 33. fxg5 Be5 34.
Be1 Kg7 35. Re4 Rab8 36. Rd3 Kg6 37. Bd2 R8b7 38. Rc4 Rb8 39. Kc2 Ra8 40. Kb1
Rab8 41. Kc1 Rc5 42. Rxc5 dxc5 43. Re3 Bd6 44. Rh3 c4 45. Rh6+ Kg7 46. Be3 c3
47. Bd4+ f6 48. Rh5 Bf4+ 49. Kb1 Rc8 50. Kc2 Ra8 51. Kb1 Rc8 52. Kc2 Ra8 53.
Kb1 1/2-1/2

[Event "Poikovsky Karpov Tournament 2015"]
[Site "Poikovsky RUS"]
[Date "2015.10.07"]
[Round "9"]
[White "Smirin, I."]
[Black "Shirov, A."]
[Result "1-0"]
[WhiteElo "2655"]
[BlackElo "2712"]
[PlyCount "47"]
[EventDate "2015.09.27"]

1. e4 c5 2. Nf3 d6 3. d4 cxd4 4. Nxd4 Nf6 5. Nc3 a6 6. g3 e5 7. Nb3 b5 8. a4 b4
9. Nd5 Bb7 10. Nxf6+ Qxf6 11. Bg2 Nc6 12. a5 Be7 13. O-O O-O 14. Be3 Bc8 15. f4
exf4 16. gxf4 Bb7 17. Nd4 Rac8 18. Ra4 Bd8 19. Nf5 Bc7 20. Rxb4 Ba8 21. Rc4
Rce8 22. Qg4 Bxa5 23. e5 dxe5 24. Bxc6 1-0

[Event "Poikovsky Karpov Tournament 2015"]
[Site "Poikovsky RUS"]
[Date "2015.10.07"]
[Round "9"]
[White "Morozevich, A."]
[Black "Khismatullin, D."]
[Result "0-1"]
[WhiteElo "2711"]
[BlackElo "2651"]
[PlyCount "80"]
[EventDate "2015.09.27"]

1. e4 c5 2. Nf3 d6 3. Bb5+ Nd7 4. d4 cxd4 5. Qxd4 a6 6. Bxd7+ Bxd7 7. O-O Rc8
8. Bg5 h6 9. Bh4 Nf6 10. Bxf6 gxf6 11. c4 Rg8 12. Qd3 f5 13. exf5 Rc5 14. f6
Bh3 15. Ne1 Bxg2 16. Nxg2 Rcg5 17. Kh1 Rxg2 18. Nc3 e6 19. Ne4 Qc7 20. Rad1 Qc6
21. b4 R2g4 22. f3 Rg2 23. a4 Rb2 24. b5 Qc7 25. Rf2 Rxf2 26. Nxf2 Rg5 27. Ne4
Rf5 28. bxa6 bxa6 29. Rb1 Rh5 30. Qe2 Kd8 31. Rb3 d5 32. Qb2 dxe4 33. Rb8+ Kd7
34. Rxf8 Kc6 35. Qe2 e3 36. c5 Qb7 37. Rd8 Rxc5 38. Rd1 Rc3 39. h4 Qb6 40. Qg2
Qb3 0-1

[Event "Pokerstars International Open 2015"]
[Site "Douglas ENG"]
[Date "2015.10.07"]
[Round "5"]
[White "Movsesian, Sergei"]
[Black "Harikrishna, P."]
[Result "1/2-1/2"]
[WhiteElo "2658"]
[BlackElo "2737"]
[PlyCount "61"]
[EventDate "2015.09.02"]

1. e4 e6 2. d4 d5 3. Nd2 c5 4. Ngf3 cxd4 5. exd5 Qxd5 6. Bc4 Qd6 7. O-O Nf6 8.
Nb3 Nc6 9. Nbxd4 Nxd4 10. Nxd4 a6 11. Re1 Qc7 12. Qe2 h6 13. Bd3 Bd6 14. h3
Bh2+ 15. Kh1 Bf4 16. Nf3 Bxc1 17. Raxc1 O-O 18. Qe5 Qxe5 19. Nxe5 Rd8 20. Rcd1
Bd7 21. Be2 Rac8 22. c4 Be8 23. Kg1 a5 24. f3 Kf8 25. b3 Ke7 26. Kf2 Rxd1 27.
Rxd1 Rc5 28. Nd3 Rc7 29. Ne5 Rc5 30. Nd3 Rc7 31. Ne5 1/2-1/2